00856 2200277 4500001002100000001002100021005001500042035002400057040001200081082001700093084002100110090001600131090002100147100002200168245007200190245012600262250001100388260003000399260003600429300003400465650001600499700001300515700002300528850001200551990001500563YOGYA000000000001156YOGYA00000000000115620140822085249 0010-081400000001196 aYOPDYOG 2[22]a808.51 aCoE 808.51 Muh T a174.202 Bun aCoE 808.51 Muh T aMUH. MuSLICH H.S. abunga kampai hukum dan proksi kedokteran dalam masyarakat indonesia aTuladha prasajab: kagem panatacara tuwin pamedhar sabdac/ Muh. Muslich H.S., Hariyoto ; penyunting, A. Choiran Marzuki. aCet.3. aYogyakartabLibertyc1986 aYogyakartabMitra Pustakac2008 axii, 128 hlm.c19 cm (3 eks.) aPidato-Jawa aHariyoto aA. Choiran Marzuki aYOPDYOG a89317-p/97